| 000 | 00602nam a2200241 a 4500 | ||
|---|---|---|---|
| 001 | nice12345678 | ||
| 003 | IN_TiNIC | ||
| 005 | 20260116011506.0 | ||
| 008 | 050524s1899 luca grp 000 0 urd | ||
| 020 |
_a _c100 |
||
| 082 | 0 | 0 |
_a297.09 _bABBI |
| 100 | _aAbbasi, Abul Fazal Md Ihsan | ||
| 245 | _aTarikhul Islam | ||
| 260 |
_aLucknow _bMunshi Gulabh Singh Andsater Press _c1899 |
||
| 300 | _a638p. | ||
| 500 | _aincludes index and biblioraphy | ||
| 505 | 2 | _aIndex | |
| 650 | _aIslam-History | ||
| 700 | 1 | _aAbbasi, Abul Fazal Md Ihsan | |
| 902 | _bSRS | ||
| 942 | _cBK | ||
| 999 |
_c2017 _d2017 |
||